Funny Books by Funny Men Quiz Stats

 Plays Quiz Updated Oct 4, 2015

Challenge
Share
Tweet
Score 0/20 Timer 08:00
1 Play Today
% Correct
Jay Leno
95.3%
Neil Patrick Harris
93.7%
Chris Rock
90%
Tim Allen
85.8%
Stephen Colbert
82.6%
Kelsey Grammer
80.1%
Steve Martin
79.6%
Drew Carey
79.5%
Billy Crystal
77.6%
George Carlin
71.1%
% Correct
Leslie Nielsen
69.6%
John Cleese
69%
Bob Newhart
66.2%
Martin Short
66.2%
Bob Saget
65.2%
Bob Hope
62.8%
Nick Offerman
51.2%
Dick Van Dyke
44.7%
Stephen Fry
42.3%
David Sedaris
34%

You're not logged in!

Compare scores with friends on all Sporcle quizzes.
Join for Free
OR
Log In

You Might Also Like...

Show Comments

Extras

Top Quizzes Today


Score Distribution

Your Account Isn't Verified!

In order to create a playlist on Sporcle, you need to verify the email address you used during registration. Go to your Sporcle Settings to finish the process.

Report this User

Report this user for behavior that violates our Community Guidelines.

Details: